Statistics for Tinashe Discography

Click here to take the quiz!

General Stats

  • This quiz has been taken 8 times
  • The average score is 33 of 46

Answer Stats

HintAnswer% Correct
Aquarius2 On
100%
JoyrideJoyride
100%
AquariusAll Hands On Deck
86%
AquariusAquarius
86%
AquariusBet
86%
NightrideC'est La Vie
86%
JoyrideFaded Love
86%
JoyrideKeep Your Eyes On The Road
86%
NightrideLucid Dreaming
86%
JoyrideNo Drama
86%
JoyrideOoh La La
86%
NightrideRide Of Your Life
86%
JoyrideSalt
86%
NightrideSpacetime
86%
JoyrideAin't Good For Ya
71%
AquariusBated Breath
71%
NightrideBinaural Test
71%
AquariusCold Sweat
71%
NightrideCompany
71%
AquariusFeels Like Vegas
71%
JoyrideFires And Flames
71%
NightrideGhetto Boy
71%
JoyrideHe Don't Want It
71%
AquariusHow Many Times
71%
JoyrideMe So Bad
71%
JoyrideNo Contest
71%
NightrideParty Favors
71%
AquariusPretend
71%
JoyrideStuck With Me
71%
AquariusThe Calm
71%
AquariusThe Storm
71%
AquariusThug Cry
71%
NightrideTouch Pass
71%
AquariusWhat Is There To Lose
71%
NightrideYou Can Stay Here Tonight
71%
AquariusFar Side Of The Moon
57%
JoyrideGo Easy On Me
57%
NightrideHigh Speed Chase
57%
AquariusIndigo Child
57%
AquariusNightfall
57%
NightrideSacrifices
57%
NightrideSoul Glitch
57%
NightrideSunburn
57%
AquariusWildfire
57%
NightrideYou Don't Know Me
57%
AquariusDeep In The Night
43%

Score Distribution

Percentile by Number Answered

Percent of People with Each Score

Your Score History

You have not taken this quiz